000
00279nam a2200109Ia 4500
001
589102
005
20250717120842.0
008
250717s9999 xx 000 0 und d
245
0
_a
X-3 KISKANÇOZOR KEREM
_c
BRIAN MOSES
260
_b
BİNBİR ÇİÇEK YAYINLARI
_c
2018
300
_b
20
999
_c
589102
_d
589102